000 00885nam a2200277Ia 4500
003 OSt
005 20220924122511.0
006 a|||||r|||| 00| 0
007 ta
008 220923b |||||||| |||| 00| 0 per d
020 _a9780415437783 (hbk)
020 _c6762.60
024 _a260181
037 _b195/2011-12, 16/03/2012, Pioneer Book Distributors
_cTextual
040 _aARTS
_cARTS
_bper
041 _2per
_aper
082 _aO164:g(W), 111P8
100 _aAhmadi Wali
_9189688
245 0 _aModern persian literature in Afghanistan
_b Anomalous visions of history and form
260 _aLondon
_bRoutledge UK
_c2008
300 _a184p.
_ccm.
490 _aIranian studies
650 _aURDU LITERATURE
942 _hO164:g(W), 111P8
_cTEXL
_2CC
999 _c411866
_d411866